Stolica stanu USA i największe miasto - Statystyki

Ogólne statystyki
  • Ten quiz został rozwiązany 5 razy
  • Średni wynik to 10 z 20
Statystyki odpowiedzi
Stolica Największe miasto % Poprawnych
Sacramento Los Angeles
100%
Santa Fe Albuquerque
75%
Raleigh Charlotte
75%
Springfield Chicago
75%
Lansing Detroit
75%
Austin Houston
75%
Carson City Las Vegas
75%
St. Paul Minneapolis
75%
Salem Portland
75%
Olympia Seattle
75%
Harrisburg Filadelfia
50%
Madison Milwaukee
50%
Helena Billings
25%
Bismarck Fargo
25%
Tallahassee Jacksonville
25%
Pierre Sioux Falls
25%
Montpelier Burlington
0%
Columbia Charleston
0%
Concord Manchester
0%
Dover Wilmington
0%
Nie znaleziono quizów pasujących do podanych kryteriów
Rozkład punktacji
Procent ludzi z każdym wynikiem
Percentyl według liczby udzielonych odpowiedzi
Twoja historia wyników
Nie rozwiązałeś tego quizu